[Event "St Petersburg Summer op"]
[Site "St Petersburg"]
[Date "2016.08.24"]
[Round "8"]
[White "Bazeev, German"]
[Black "Dragun, Valentin"]
[Result "1/2-1/2"]
[WhiteElo "2288"]
[BlackElo "2151"]
[PlyCount "72"]
[EventDate "2016.08.17"]
[EventType "swiss"]
[EventRounds "9"]
[EventCountry "RUS"]
[SourceTitle "CBM 174 Extra"]
[Source "ChessBase"]
[SourceDate "2016.10.10"]
[SourceVersion "1"]
[SourceVersionDate "2016.10.10"]
[SourceQuality "1"]

1. d4 d6 2. c4 e5 3. Nf3 Nd7 4. Nc3 g6 5. g3 Bg7 6. Bg2 Ngf6 7. 0-0 0-0 8. h3 c6 9. e4 Qb6 10. c5 dxc5 11. dxe5 Ne8 12. Qc2 Qc7 13. Be3 b6 14. Rad1 Nxe5 15. Nxe5 Bxe5 16. f4 Bg7 17. e5 Be6 18. g4 f5 19. g5 Rf7 20. Nb5 Qc8 21. Nc3 Bf8 22. Bf3 Ng7 23. Qg2 Rc7 24. Nb5 cxb5 25. Bxa8 Bxa2 26. Rd2 Ne6 27. Bd5 Bxd5 28. Qxd5 Kf7 29. Rfd1 Be7 30. h4 a5 31. h5 Qb7 32. hxg6+ hxg6 33. Qxb7 Rxb7 34. Rd7 Rxd7 35. Rxd7 Ke8 36. Rb7 Bd8 1/2-1/2

[Event "St Petersburg Summer op"]
[Site "St Petersburg"]
[Date "2016.08.22"]
[Round "6"]
[White "Slugin, Yaroslav"]
[Black "Dragun, Valentin"]
[Result "0-1"]
[WhiteElo "1940"]
[BlackElo "2151"]
[PlyCount "74"]
[EventDate "2016.08.17"]
[EventType "swiss"]
[EventRounds "9"]
[EventCountry "RUS"]
[SourceTitle "CBM 174 Extra"]
[Source "ChessBase"]
[SourceDate "2016.10.10"]
[SourceVersion "1"]
[SourceVersionDate "2016.10.10"]
[SourceQuality "1"]

1. d4 e6 2. Nf3 c5 3. c3 Nc6 4. e3 d5 5. Bd3 Nf6 6. Nbd2 Be7 7. 0-0 0-0 8. Ne5 cxd4 9. exd4 Nxe5 10. dxe5 Nd7 11. f4 Nc5 12. Nb3 Bd7 13. Nxc5 Bxc5+ 14. Kh1 f5 15. Qe2 Bc6 16. Be3 Qb6 17. Bxc5 Qxc5 18. Rfd1 Rac8 19. Rd2 b5 20. a3 Rfd8 21. Rad1 a5 22. Bb1 b4 23. cxb4 axb4 24. Rc2 Qb6 25. Qd2 Ba4 26. Rxc8 Rxc8 27. Rc1 Rxc1+ 28. Qxc1 b3 29. Qd2 h6 30. h3 Qa6 31. Kg1 Qc4 32. Kh2 Bb5 33. g4 Qf1 34. Bxf5 exf5 35. Qxd5+ Kh7 36. gxf5 Qf2+ 37. Kh1 Be2 0-1

[Event "St Petersburg Summer op"]
[Site "St Petersburg"]
[Date "2016.08.20"]
[Round "4"]
[White "Dragun, Valentin"]
[Black "Zavgorodniaya, Alena"]
[Result "0-1"]
[WhiteElo "2151"]
[BlackElo "1937"]
[PlyCount "70"]
[EventDate "2016.08.17"]
[EventType "swiss"]
[EventRounds "9"]
[EventCountry "RUS"]
[SourceTitle "CBM 174 Extra"]
[Source "ChessBase"]
[SourceDate "2016.10.10"]
[SourceVersion "1"]
[SourceVersionDate "2016.10.10"]
[SourceQuality "1"]

1. e4 e5 2. d4 exd4 3. Qxd4 Nc6 4. Qe3 Nf6 5. Nc3 Bb4 6. Bd2 0-0 7. 0-0-0 Re8 8. Qg3 Rxe4 9. a3 Ba5 10. f3 Re8 11. Nge2 Bb6 12. Kb1 Be3 13. Bxe3 Rxe3 14. Nf4 Rxc3 15. bxc3 Qf8 16. Bc4 b5 17. Bb3 a5 18. Rhe1 b4 19. cxb4 axb4 20. a4 Nd8 21. Nd5 Nxd5 22. Rxd5 Ne6 23. f4 c6 24. Rd2 d5 25. f5 Nc5 26. f6 g6 27. Qc7 Bf5 28. Kb2 Rc8 29. Qb6 Qd6 30. Rd4 Nd7 31. Qxb4 c5 32. Qb7 Rb8 33. Qxd5 Qxf6 34. g4 Bxg4 35. Re7 Qxd4+ 0-1

[Event "St Petersburg Summer op"]
[Site "St Petersburg"]
[Date "2016.08.18"]
[Round "2"]
[White "Dragun, Valentin"]
[Black "Pasiev, Rakhim"]
[Result "0-1"]
[WhiteElo "2151"]
[BlackElo "2407"]
[PlyCount "90"]
[EventDate "2016.08.17"]
[EventType "swiss"]
[EventRounds "9"]
[EventCountry "RUS"]
[SourceTitle "CBM 174 Extra"]
[Source "ChessBase"]
[SourceDate "2016.10.10"]
[SourceVersion "1"]
[SourceVersionDate "2016.10.10"]
[SourceQuality "1"]

1. e4 c5 2. Nf3 Nc6 3. Bb5 d6 4. Bxc6+ bxc6 5. 0-0 e5 6. c3 Nf6 7. d4 Qc7 8. dxe5 dxe5 9. Qa4 Nd7 10. Be3 Be7 11. Nbd2 0-0 12. Nc4 Rb8 13. Qa3 f6 14. Nfd2 Rb5 15. b3 Nb6 16. f4 Be6 17. Nxb6 axb6 18. c4 Ra5 19. Qb2 Bd6 20. f5 Bf7 21. g4 Be7 22. a3 Rd8 23. Rfd1 Raa8 24. Nf3 h6 25. a4 b5 26. cxb5 cxb5 27. axb5 Qb7 28. Rxa8 Rxa8 29. Qc2 Qxb5 30. Qd3 Qb7 31. Nd2 Rd8 32. Qc2 Qb5 33. Nc4 Rxd1+ 34. Qxd1 Bxc4 35. bxc4 Qxc4 36. Qd5+ Qxd5 37. exd5 Kf7 38. Kf2 c4 39. Bb6 Bb4 40. Ke3 Ke7 41. Ke4 Kd6 42. Be3 c3 43. h3 Ba3 44. Kd3 Kxd5 45. Kxc3 e4 0-1

[Event "EST-ch"]
[Site "Tallinn"]
[Date "2016.01.31"]
[Round "9"]
[White "Haitin, Ilja"]
[Black "Dragun, Valentin"]
[Result "1-0"]
[WhiteElo "2287"]
[BlackElo "2188"]
[PlyCount "87"]
[EventDate "2016.01.26"]
[EventType "swiss"]
[EventRounds "9"]
[EventCountry "EST"]
[SourceTitle "CBM 170 Extra"]
[Source "ChessBase"]
[SourceDate "2016.02.25"]
[SourceVersion "1"]
[SourceVersionDate "2016.02.25"]
[SourceQuality "1"]

1. d4 e6 2. e4 d5 3. Nd2 Nc6 4. Ngf3 Nf6 5. e5 Nd7 6. Be2 f6 7. exf6 Qxf6 8. Nf1 h6 9. Ne3 Bd6 10. 0-0 0-0 11. g3 Qf7 12. Nh4 g5 13. Nhg2 Qg7 14. c3 Ne7 15. Kh1 Nf6 16. Ng4 Nxg4 17. Bxg4 e5 18. Bxc8 Raxc8 19. dxe5 Bxe5 20. f4 Bf6 21. fxg5 Bxg5 22. Bf4 Rf6 23. Qa4 Nc6 24. Qb5 Qf7 25. Bxg5 hxg5 26. Rxf6 Qxf6 27. Qxd5+ Kh8 28. Ne3 Rd8 29. Qg2 Qe5 30. Qf3 Re8 31. Qh5+ Kg8 32. Qg6+ Kh8 33. Qh6+ Kg8 34. Qg6+ Kh8 35. Nf5 Qd5+ 36. Kg1 Qc5+ 37. Kh1 Qd5+ 38. Kg1 Qc5+ 39. Kg2 Qd5+ 40. Kh3 Qd7 41. Qf6+ Kg8 42. Rd1 g4+ 43. Kh4 Re6 44. Nh6+ 1-0

[Event "EST-ch"]
[Site "Tallinn"]
[Date "2016.01.30"]
[Round "7"]
[White "Dragun, Valentin"]
[Black "Dubrovin, Robert"]
[Result "0-1"]
[WhiteElo "2188"]
[BlackElo "2223"]
[PlyCount "94"]
[EventDate "2016.01.26"]
[EventType "swiss"]
[EventRounds "9"]
[EventCountry "EST"]
[SourceTitle "CBM 170 Extra"]
[Source "ChessBase"]
[SourceDate "2016.02.25"]
[SourceVersion "1"]
[SourceVersionDate "2016.02.25"]
[SourceQuality "1"]

1. e4 e6 2. d4 d5 3. exd5 exd5 4. Nf3 Bd6 5. c4 Nf6 6. Nc3 0-0 7. h3 Re8+ 8. Be2 dxc4 9. 0-0 h6 10. Bxc4 Nc6 11. a3 Bf5 12. b4 a6 13. Bb2 Qd7 14. Qb3 Bxh3 15. gxh3 Qxh3 16. Ne2 Ng4 17. Ng3 Bxg3 18. Bxf7+ Kh8 19. Bxe8 Bh2+ 20. Kh1 Bf4+ 21. Kg1 Nh2 22. Nd2 Qg4+ 23. Kh1 Nxf1 24. Nxf1 Rxe8 25. Qf7 Qh3+ 26. Kg1 Qg4+ 27. Ng3 Re2 28. d5 Rxb2 29. Qe8+ Kh7 30. Qe4+ Qg6 31. dxc6 Bxg3 32. Qxg6+ Kxg6 33. fxg3 b6 34. Re1 Rc2 35. Re7 Rxc6 36. Kf2 Rc3 37. Ke2 Kf6 38. Rd7 h5 39. a4 g5 40. Kd2 Rc4 41. b5 Rxa4 42. Rxc7 axb5 43. Rc6+ Kf5 44. Rxb6 b4 45. Ke3 Ra3+ 46. Kf2 Rb3 47. Rh6 Kg4 0-1

[Event "EST-ch"]
[Site "Tallinn"]
[Date "2016.01.29"]
[Round "6"]
[White "Chukavin, Kirill"]
[Black "Dragun, Valentin"]
[Result "1/2-1/2"]
[WhiteElo "2198"]
[BlackElo "2188"]
[PlyCount "55"]
[EventDate "2016.01.26"]
[EventType "swiss"]
[EventRounds "9"]
[EventCountry "EST"]
[SourceTitle "CBM 170 Extra"]
[Source "ChessBase"]
[SourceDate "2016.02.25"]
[SourceVersion "1"]
[SourceVersionDate "2016.02.25"]
[SourceQuality "1"]

1. e4 e6 2. d4 d5 3. Nd2 Nc6 4. Ngf3 Nf6 5. e5 Nd7 6. Nb3 a5 7. a4 Be7 8. Bb5 Na7 9. Bd3 b6 10. 0-0 c5 11. c4 Bb7 12. Bf4 cxd4 13. Nbxd4 Nc5 14. Be2 0-0 15. Rc1 Rc8 16. b3 Rc7 17. Nb5 Nxb5 18. cxb5 Ne4 19. Qd3 Ba3 20. Rxc7 Qxc7 21. Be3 Bb2 22. Rb1 Bxe5 23. Nxe5 Qxe5 24. Bxb6 Rc8 25. Bxa5 d4 26. Re1 Nc3 27. Qd2 Ne4 28. Qd3 1/2-1/2

[Event "Chigorin Memorial 23rd"]
[Site "St Petersburg"]
[Date "2015.10.07"]
[Round "5"]
[White "Dragun, Valentin"]
[Black "Gorovenko, Darya"]
[Result "1-0"]
[WhiteElo "2190"]
[BlackElo "2024"]
[PlyCount "101"]
[EventDate "2015.10.03"]
[EventType "swiss"]
[EventRounds "9"]
[EventCountry "RUS"]
[SourceTitle "CBM 168 Extra"]
[Source "ChessBase"]
[SourceDate "2015.10.29"]
[SourceVersion "1"]
[SourceVersionDate "2015.10.29"]
[SourceQuality "1"]

1. e4 c5 2. Be2 e6 3. f4 Nc6 4. Nf3 d5 5. d3 Be7 6. 0-0 Qc7 7. Qe1 b6 8. c3 dxe4 9. dxe4 Bb7 10. Na3 a6 11. Nc4 Nf6 12. e5 Nd5 13. Qg3 0-0-0 14. Ng5 Rdf8 15. Ne4 b5 16. Ncd6+ Kb8 17. a4 b4 18. Nxb7 Qxb7 19. Be3 Nxe3 20. Qxe3 Qa7 21. Kh1 Rd8 22. Rac1 b3 23. Nd2 Qb6 24. Nc4 Qc7 25. Ra1 Na5 26. Ra3 Ka7 27. Nxa5 Qxa5 28. Rxb3 Rb8 29. Rxb8 Rxb8 30. b4 Qxa4 31. bxc5 Qa5 32. c6+ Qb6 33. Qe4 g6 34. h3 Rc8 35. Bf3 Rc7 36. Rb1 Qa5 37. Qc4 Bc5 38. Be4 Qa3 39. Kh2 Be3 40. Bf3 g5 41. fxg5 Qc5 42. Qxc5+ Bxc5 43. Kg3 a5 44. Rb5 Bb6 45. c4 Rc8 46. c5 Bc7 47. Rb7+ Ka8 48. Kf4 Rb8 49. Rxc7 a4 50. Rd7 a3 51. c7+ 1-0

[Event "Chigorin Memorial 23rd"]
[Site "St Petersburg"]
[Date "2015.10.03"]
[Round "1"]
[White "Dragun, Valentin"]
[Black "Pankova, Julia"]
[Result "1-0"]
[WhiteElo "2190"]
[BlackElo "1703"]
[PlyCount "99"]
[EventDate "2015.10.03"]
[EventType "swiss"]
[EventRounds "9"]
[EventCountry "RUS"]
[SourceTitle "CBM 168 Extra"]
[Source "ChessBase"]
[SourceDate "2015.10.29"]
[SourceVersion "1"]
[SourceVersionDate "2015.10.29"]
[SourceQuality "1"]

1. e4 c5 2. Nf3 d6 3. Bb5+ Bd7 4. Bxd7+ Nxd7 5. 0-0 Ngf6 6. Re1 e6 7. b3 Be7 8. Bb2 0-0 9. c4 a6 10. Nc3 Ne5 11. Qe2 Nfd7 12. Rad1 Nxf3+ 13. Qxf3 Bf6 14. Qe2 Nb8 15. f4 Nc6 16. Kh1 g6 17. e5 dxe5 18. Ne4 Nd4 19. Bxd4 exd4 20. Nxc5 Qc7 21. Nd3 Rfd8 22. Rc1 Qa5 23. a4 Rac8 24. Qd1 Qf5 25. Qf3 Qa5 26. Rc2 Qb6 27. Rb1 Qc6 28. Qxc6 Rxc6 29. b4 Rdc8 30. Rbc1 b5 31. c5 Kf8 32. axb5 axb5 33. Ra2 Ke8 34. g3 R8c7 35. Kg2 Kd7 36. Kf3 Rb7 37. Rca1 Rcc7 38. Ra8 h5 39. Ke4 Bg7 40. R1a6 f5+ 41. Kf3 Rc6 42. h4 Bf6 43. Ne5+ Bxe5 44. fxe5 Rbc7 45. Kf4 Rxa6 46. Rxa6 Rc8 47. Kg5 Ke7 48. Ra7+ Kd8 49. Kxg6 Rc6 50. Kxh5 1-0

[Event "Viljandi Raud Memorial 49th"]
[Site "Viljandi"]
[Date "2015.07.03"]
[Round "7"]
[White "Dragun, Valentin"]
[Black "Shishkov, Andrei"]
[Result "0-1"]
[WhiteElo "2099"]
[BlackElo "2387"]
[PlyCount "116"]
[EventDate "2015.06.29"]
[EventType "swiss"]
[EventRounds "9"]
[EventCountry "EST"]
[SourceTitle "CBM 167 Extra"]
[Source "ChessBase"]
[SourceDate "2015.09.14"]
[SourceVersion "1"]
[SourceVersionDate "2015.09.14"]
[SourceQuality "1"]

1. e4 c5 2. Nf3 d6 3. Bb5+ Bd7 4. Bxd7+ Nxd7 5. 0-0 Ngf6 6. Qe2 Rc8 7. b3 g6 8. Bb2 Bg7 9. c4 0-0 10. d3 a6 11. Nc3 Re8 12. h3 Nh5 13. Qd2 Qa5 14. g4 Nf4 15. Qxf4 Bxc3 16. Bxc3 Qxc3 17. Qe3 b5 18. Qe2 Nf8 19. Rac1 Qf6 20. Ne1 e5 21. Ng2 Ne6 22. Qe3 g5 23. Qd2 b4 24. Qd1 Nf4 25. Qf3 Re6 26. Ra1 Rb8 27. Rfd1 Re7 28. Nxf4 exf4 29. d4 Rbe8 30. dxc5 dxc5 31. Re1 Rxe4 32. Rxe4 Qxa1+ 33. Kg2 Rd8 34. Re7 Qf6 35. Qe4 Rd2 36. Re5 f3+ 37. Kg3 Re2 38. Qa8+ Kg7 39. Re4 Rxa2 40. Qd5 Re2 41. h4 Rxe4 42. Qxe4 Qf4+ 43. Qxf4 gxf4+ 44. Kxf4 a5 45. Ke3 h5 46. g5 f6 47. g6 Kxg6 48. Ke4 f5+ 49. Ke3 Kf6 50. Kd2 Ke5 51. Ke3 f4+ 52. Kd2 Kf5 53. Kd3 Kg4 54. Ke4 Kxh4 55. Kd5 a4 56. bxa4 b3 57. a5 b2 58. a6 b1Q 0-1

[Event "Viljandi Raud Memorial 48th"]
[Site "Viljandi"]
[Date "2014.06.30"]
[Round "1"]
[White "Dragun, Valentin"]
[Black "Maiorov, Nikita"]
[Result "0-1"]
[WhiteElo "2004"]
[BlackElo "2520"]
[PlyCount "56"]
[EventDate "2014.06.30"]
[EventType "swiss"]
[EventRounds "9"]
[EventCountry "EST"]
[SourceTitle "CBM 161 Extra"]
[Source "ChessBase"]
[SourceDate "2014.08.29"]
[SourceVersion "1"]
[SourceVersionDate "2014.08.29"]
[SourceQuality "1"]

1. e4 e5 2. Nf3 Nc6 3. Bb5 a6 4. Bxc6 dxc6 5. 0-0 Qf6 6. d4 exd4 7. Bg5 Qd6 8. Nxd4 Be7 9. Bxe7 Nxe7 10. Nc3 0-0 11. Re1 Qg6 12. Qf3 Rd8 13. Nde2 Qg5 14. Rad1 Rf8 15. Qf4 Qa5 16. Qg3 Ng6 17. Nf4 Nxf4 18. Qxf4 Be6 19. e5 Rfd8 20. h4 h6 21. Rxd8+ Rxd8 22. Re3 Qc5 23. Rg3 Kh8 24. Ne4 Qxc2 25. Kh2 Rd4 26. f3 Qxb2 27. Qe3 c5 28. f4 Qc2 0-1

[Event "Keres Memorial op"]
[Site "Tallinn"]
[Date "2014.01.14"]
[Round "7"]
[White "Bernotas, Arturs"]
[Black "Dragun, Valentin"]
[Result "1-0"]
[WhiteElo "2267"]
[BlackElo "2002"]
[PlyCount "75"]
[EventDate "2014.01.10"]
[EventType "swiss"]
[EventRounds "9"]
[EventCountry "EST"]
[SourceTitle "CBM 158 Extra"]
[Source "ChessBase"]
[SourceDate "2014.02.28"]
[SourceVersion "1"]
[SourceVersionDate "2014.02.28"]
[SourceQuality "1"]

1. e4 e6 2. d4 d5 3. Nd2 Nf6 4. e5 Nfd7 5. Bd3 c5 6. c3 Nc6 7. Ne2 cxd4 8. cxd4 f6 9. exf6 Qxf6 10. Nf3 h6 11. 0-0 Bd6 12. Be3 0-0 13. Rc1 a6 14. Bb1 Rf7 15. Ng3 Nf8 16. Ne1 Bd7 17. f4 Na5 18. b3 Ba3 19. Rc3 Bb5 20. Rf2 Bb4 21. Rcc2 Bxe1 22. Qxe1 Nc6 23. Qd2 Ne7 24. a4 Bc6 25. Ne2 Nf5 26. Nc1 Ng6 27. Rc3 Raf8 28. Nd3 h5 29. Ne5 Nxe5 30. dxe5 Qh4 31. Bc5 Rd8 32. Bc2 d4 33. Rh3 Qxh3 34. gxh3 Rd5 35. Bxf5 exf5 36. Bd6 Rd7 37. Qb4 a5 38. Qc4 1-0

[Event "Keres Memorial op"]
[Site "Tallinn"]
[Date "2014.01.11"]
[Round "3"]
[White "Dragun, Valentin"]
[Black "Okhotnik, Vladimir"]
[Result "0-1"]
[WhiteElo "2002"]
[BlackElo "2387"]
[PlyCount "120"]
[EventDate "2014.01.10"]
[EventType "swiss"]
[EventRounds "9"]
[EventCountry "EST"]
[SourceTitle "CBM 158 Extra"]
[Source "ChessBase"]
[SourceDate "2014.02.28"]
[SourceVersion "1"]
[SourceVersionDate "2014.02.28"]
[SourceQuality "1"]

1. e4 g6 2. d4 c6 3. Nc3 Bg7 4. Nf3 d5 5. exd5 cxd5 6. Bb5+ Kf8 7. 0-0 a6 8. Be2 Nc6 9. Bf4 Bh6 10. Qd2 Kg7 11. Ne5 Bxf4 12. Qxf4 f6 13. Nd3 g5 14. Qe3 Nh6 15. f4 Nf5 16. Qf2 h6 17. Bf3 Qb6 18. Nxd5 Qxd4 19. Qxd4 Nfxd4 20. c3 Nxf3+ 21. Rxf3 b5 22. Re1 Ra7 23. Nc5 Rd8 24. Nb6 Kf7 25. g3 Bh3 26. Rfe3 e5 27. a4 bxa4 28. Nc4 Rd5 29. Nxa4 Re7 30. Nab6 Rd8 31. fxe5 Nxe5 32. Nxe5+ Rxe5 33. Rxe5 fxe5 34. Nc4 Kf6 35. Nxe5 Rd2 36. Nc4 Rg2+ 37. Kh1 Rc2 38. Kg1 Be6 39. Nd6 Bd5 40. c4 Bc6 41. b4 Rg2+ 42. Kf1 Rxh2 43. b5 axb5 44. cxb5 Bf3 45. Re8 Bd5 46. b6 Rb2 47. Rh8 Kg6 48. Rb8 Kh5 49. Nf5 Kg4 50. Rf8 Bg2+ 51. Kg1 h5 52. Rf6 Be4 53. Nd6 Bd3 54. Rf2 Rxb6 55. Nf7 Bg6 56. Ne5+ Kxg3 57. Rf3+ Kh4 58. Kh2 g4 59. Rc3 Be4 60. Re3 g3+ 0-1

[Event "Keres Memorial rap qual 21st"]
[Site "Tallinn"]
[Date "2012.01.06"]
[Round "1"]
[White "Agopov, Mikael"]
[Black "Dragun, Valentin"]
[Result "1-0"]
[WhiteElo "2448"]
[BlackElo "1977"]
[PlyCount "47"]
[EventDate "2012.01.06"]
[EventType "swiss (rapid)"]
[EventRounds "7"]
[EventCountry "EST"]
[SourceTitle "CBM 146 Extra"]
[Source "ChessBase"]
[SourceDate "2012.02.29"]
[SourceVersion "1"]
[SourceVersionDate "2012.02.29"]
[SourceQuality "1"]

1. e4 g6 2. d4 Bg7 3. Nc3 d6 4. Bg5 c6 5. Qd2 Qb6 6. 0-0-0 Nd7 7. f4 h6 8. Bh4 Qc7 9. Nf3 b5 10. e5 d5 11. e6 fxe6 12. Bd3 Nf8 13. Ne5 Bxe5 14. fxe5 Bd7 15. Rhf1 0-0-0 16. Rf7 Rh7 17. Qf2 Nf6 18. Rxh7 N6xh7 19. Bxe7 Re8 20. Qf7 Ng5 21. Qg7 Rxe7 22. Qxe7 Qd8 23. Qc5 Kb7 24. Rf1 1-0